000 00787nam a2200265Ia 4500
003 GCL
008 140319s9999 xx 000 0 ara d
040 _aGCL /
_cGCL
082 0 4 _a636.1
_bق ح
100 1 _aقبلان غلوب
245 1 0 _aالحصان العربى الاصيل /
_cقبلان غلوب
260 _a[S.N] :
_bحزب التجمع الوطنى التقدمى ،
_c1989
300 _a187 ص
490 _a
650 0 4 _aالعادات والتقاليد
650 0 4 _aالخيل العربية
650 0 4 _aالخيل
650 0 4 _aالفلكلور
650 0 4 _aالحيوانات الاليفة
650 0 4 _aالدواب
650 0 4 _aسباق الخيل
650 0 4 _aالفروسية
650 0 4 _aالخيل فى الدين
942 _2ddc
_cBK
999 _c28347
_d28347